000 01254cam a2200253 4500
008 030922n2003 000 0 eng u
020 _a056608533X
035 _a(Sirsi) u123683
041 _aeng
050 _a658.1552
_c21
100 _aWebb, Alan
245 _aUsing earned value
_ba project managers guide
260 _aAldershot
_bGower
_c2003
300 _axvi, 130p.
_c25cm.
350 _a49.50
520 _aEarned value gives project managers a more precise view of actual project performance in terms of value generated and schedule progress. This concise guide for project managers explains the appropriateness and benefits of the earned value process; the techniques involved; applying the data to manage projects; the different features and benefits of the various software packages available; and planning for the introduction of an earned value methodology. Appendices include terms used within earned value methods, earned value management systems criteria, and formulae used for earned value calculations.
650 _aCOST CONTROL
650 _aVALUE MANAGEMENT
650 _aPROJECT MANAGERS
650 _aPERFORMANCE MEASUREMENT
650 _aPROJECT PERFORMANCE
690 _aProject management
_96261
942 _n0
999 _c103092
_d103092